Normal view
MARC view
- Jones, Noah
Entry Personal Name
001 - CONTROL NUMBER
- control field: 86584
003 - CONTROL NUMBER IDENTIFIER
- control field: OSt
005 - DATE AND TIME OF LATEST TRANSACTION
- control field: 20250821095445.0
008 - FIXED-LENGTH DATA ELEMENTS
- fixed length control field: 250821|| aca||aabn | a|a d
040 ## - CATALOGING SOURCE
- Original cataloging agency: OSt
- Transcribing agency: OSt
100 ## - HEADING--PERSONAL NAME
- Personal name: Jones, Noah
- Fuller form of name: (Noah Z.)
670 ## - SOURCE DATA FOUND
- Source citation: Work cat.: (OSt)49380: Bennett, Kelly, author. 86583, Not Norman :, 2005.